| Tag |
First Indicator |
Second Indicator |
Subfields |
| LEADER |
00000cam a2200000 a 4500 |
| 001 |
in00000013144 |
| 005 |
20151007052332.0 |
| 008 |
870811s1987 enka b 00110 eng |
| 010 |
|
|
|a 87022601
|
| 020 |
|
|
|a 085312972X :
|c £35.00
|
| 020 |
|
|
|z 04702097711 (Halsted Press)
|
| 035 |
|
|
|a (OCoLC)16711346
|
| 035 |
|
|
|9 AAA7355AM
|
| 040 |
|
|
|a DLC
|c DLC
|d TXA
|d UtOrBLW
|
| 049 |
|
|
|a TXAM
|c [A11062088]
|
| 050 |
0 |
0 |
|a QB334
|b .S56 1987
|
| 082 |
0 |
|
|a 531/.14
|2 19
|
| 100 |
1 |
|
|a Simpson, John E.,
|d 1915-
|
| 245 |
1 |
0 |
|a Gravity currents :
|b in the environment and the laboratory /
|c John E. Simpson.
|
| 264 |
|
1 |
|a Chichester, West Sussex, England :
|b E. Horwood ;
|a New York :
|b Halsted Press,
|c 1987.
|
| 300 |
|
|
|a 244 pages :
|b illustrations (some color) ;
|c 25 cm.
|
| 336 |
|
|
|a text
|b txt
|2 rdacontent
|
| 337 |
|
|
|a unmediated
|b n
|2 rdamedia
|
| 338 |
|
|
|a volume
|b nc
|2 rdacarrier
|
| 490 |
1 |
|
|a Ellis Horwood series in environmental science
|
| 504 |
|
|
|a Includes bibliographies and index.
|
| 650 |
|
0 |
|a Gravity.
|
| 650 |
|
0 |
|a Fluid dynamics.
|
| 830 |
|
0 |
|a Ellis Horwood series in environmental science.
|
| 999 |
|
|
|a MARS
|
| 999 |
f |
f |
|s 139636c6-b941-3dff-aad1-8d037ff8334e
|i f4ad2ec2-36d0-3838-9702-5386499a49a4
|t 0
|
| 952 |
f |
f |
|p ric
|a Texas A&M University
|b Rellis Campus
|c Joint Library Facility
|d Remote Storage
|t 0
|e QB334 .S56 1987
|h Library of Congress classification
|i unmediated -- volume
|m A14811062088
|
| 998 |
f |
f |
|a QB334 .S56 1987
|t 0
|l Remote Storage
|